Wszystkie Gminy powiatu Częstochowskiego - Statystyki

Ogólne statystyki
  • Ten quiz został rozwiązany 32 razy
  • Średni wynik to 8 z 16
Statystyki odpowiedzi
Hint Odpowiedź % Poprawnych
Gmina Blachownia
79%
Gmina Olsztyn
71%
Gmina Lelów
64%
Gmina Poczesna
64%
Gmina Rędziny
64%
Gmina Janów
61%
Gmina Mstów
57%
Gmina Mykanów
57%
Gmina Konopiska
54%
Gmina Kamienica Polska
50%
Gmina Koniecpol
50%
Gmina Kłomnice
43%
Gmina Starcza
36%
Gmina Dąbrowa Zielona
32%
Gmina Przyrów
29%
Gmina Kruszyna
25%
Nie znaleziono quizów pasujących do podanych kryteriów
Rozkład punktacji
Procent ludzi z każdym wynikiem
Percentyl według liczby udzielonych odpowiedzi
Twoja historia wyników
Nie rozwiązałeś tego quizu